000 00514nam a2200181Ia 4500
999 _c14002
_d14002
003 OSt
005 20201016115155.0
008 190216s9999||||xx |||||||||||||| ||und||
020 _a0006547354
040 _coclc
082 _a823.91
_bHUX/B
100 _aHuxley, Aldous
_94717
245 0 _aBrief Candles /
_cAldous Huxley
260 _bAn Imprint Of Harper Collins Publishers ,
_c1994.
_aLondon:
300 _a218p
650 _aNovel
942 _cBK
_2ddc
_h823.91
_iHUX/B
_k823.91
_mHUX/B